Normal view
MARC view
- Azimi, Maryam
Entry Personal Name
001 - CONTROL NUMBER
- control field: 86149
003 - CONTROL NUMBER IDENTIFIER
- control field: NUST
005 - DATE AND TIME OF LATEST TRANSACTION
- control field: 20211209102931.0
008 - FIXED-LENGTH DATA ELEMENTS
- fixed length control field: 211209|| aca||aabn | a|a d
040 ## - CATALOGING SOURCE
- Original cataloging agency: NUST
- Transcribing agency: NUST
100 ## - HEADING--PERSONAL NAME
- Personal name: Azimi, Maryam
670 ## - SOURCE DATA FOUND
- Source citation: Work cat.: (NUST)33559: Kamrani , Ali K . 86145, Methods in product design :, c2013
